000 00478nam a2200193 a 4500
001 1758436810640
003 YourLibrary
005 20250921121126.0
008 250921s2006##################000#0#eng##
020 _a9780879698188
082 0 4 _a572.87
_bCOL
100 1 _aStillman, Bruce,
_eauthor.
245 1 0 _aRegulatory RNAs :
260 _bCSHL Press,
_c2006.
300 _a577 pages
650 0 _aCancer.
942 _cENGLISH
040 _aYourLibrary
_beng
_cYourLibrary
999 _c588493
_d588493